Estadísticas para Ganadores del concurso de mates de la NBA

Haz click aquí para intentar la prueba.

Estadísticas generales

  • Esta prueba ha sido intentada 55 veces
    (19 desde el último reinicio)
  • La puntuación promedio es 14 de 32

Estadísticas de respuestas

VictoriasJugador% Correcto
1987, 1988Michael Jordan
94%
2024Mac McClung
78%
2023Mac McClung
78%
2015, 2016Zach LaVine
78%
2022Obi Toppin
72%
2000Vince Carter
72%
2020Derrick Jones Jr.
61%
2018Donovan Mitchell
61%
2008Dwight Howard
61%
1997Kobe Bryant
61%
2006, 2009, 2010Nate Robinson
61%
2011Blake Griffin
56%
1985, 1990Dominique Wilkins
50%
2014John Wall
50%
2021Anfernee Simons
44%
2017Glenn Robinson III
44%
1986Spud Webb
39%
2004Fred Jones
33%
2002, 2003Jason Richardson
33%
2019Hamidou Diallo
28%
2005Josh Smith
28%
1991Dee Brown
22%
2007Gerald Green
22%
1996Brent Barry
17%
1992Cedric Ceballos
17%
2001Desmond Mason
17%
1993, 1995Harold Miner
17%
1994Isaiah Rider
17%
2012Jeremy Evans
17%
1989Kenny Walker
17%
1984Larry Nance
17%
2013Terrence Ross
17%

Distribución de puntuación

Porcentaje por número respondido

Porcentaje de gente con cada puntuación

Historial de tus puntuaciones

No has intentado esta prueba desde el último reinicio